Responsabilidade do gestor na administração pública / (Record no. 190)
[ view plain ]
| 000 -LÍDER | |
|---|---|
| Campo Fixo de Controle | 01475cam a2200301 a 4500 |
| 001 - NÚMERO DE CONTROLE | |
| Campo de Controle | 190 |
| 003 - IDENTIFICAÇÃO DO NÚMERO DE CONTROLE | |
| Campo de Controle | BR-CuiBMT |
| 005 - DATA E HORA DA ÚLTIMA ATUALIZAÇÃO | |
| Campo de Controle | 20231216015145.0 |
| 008 - DADOS FIXOS | |
| Dados Fixos | 230825s2022 mgba 000 0 por d |
| 020 ## - INTERNATIONAL STANDARD BOOK NUMBER | |
| Nº do ISBN | 9786555184129 (v. 1) |
| 020 ## - INTERNATIONAL STANDARD BOOK NUMBER | |
| Nº do ISBN | 9786555184112 (v. 2) |
| 020 ## - INTERNATIONAL STANDARD BOOK NUMBER | |
| Nº do ISBN | 9786555184136 (v. 3) |
| 040 ## - AGÊNCIA CATALOGADORA | |
| Código da Agência Catalogadora | BR-CuiBMT |
| Agência que transcreveu o registro | BR-CuiBMT |
| 080 ## - Nº DA CLASSIFICAÇÃO DECIMAL UNIVERSAL | |
| Nº Class. CDU | 35.085 |
| Nº edição CDU | 2007 |
| 090 ## - NÚMERO DE CHAMADA | |
| Nº classificação | 35.085 |
| Cutter | R434 |
| 245 00 - TÍTULO PRINCIPAL | |
| Título principal | Responsabilidade do gestor na administração pública / |
| Indicação de responsabilidade | José Maurício Conti ... [et al.] coordenadores ; [autores Aline Paim Monteiro do Rego ... et al.]. |
| 260 ## - PUBLICAÇÃO, DISTRIBUIÇÃO, ETC. | |
| Local de publicação | Belo Horizonte : |
| Editora | Fórum, |
| Data | 2022. |
| 300 ## - DESCRIÇÃO FÍSICA | |
| N. páginas ou volumes | 3 v. : |
| Ilustrações | il. ; |
| Dimensões | 22 cm |
| 504 ## - NOTA DE BIBLIOGRAFIA, ETC. | |
| Nota de bibliografia | Inclui bibliografia. |
| 505 0# - NOTA DE CONTEÚDO | |
| Nota de conteúdo | Conteúdo completo: v. 1. Aspectos gerais / José Maurício Conti ... [et al.] coordenadores ; [autores Aline Paim Monteiro do Rego ... et al.] -- v. 2. Aspectos fiscais, financeiros, políticos e penais / José Maurício Conti ... [et al.] coordenadores ; [autores André Zech Sylvestre ... et al.] -- v. 3. Improbidade e temas especiais / José Maurício Conti ... [et al.] coordenadores ; [autores Alexandre Jorge Carneiro da Cunha Filho ... et al.]. |
| 650 ## - ASSUNTO TÓPICO | |
| Cabeçalho tópico ou nome geográfico | Direito administrativo |
| Subdivisão geográfica | Brasil |
| 650 ## - ASSUNTO TÓPICO | |
| Cabeçalho tópico ou nome geográfico | Administração pública |
| Subdivisão geral | Responsabilidade administrativa |
| 650 ## - ASSUNTO TÓPICO | |
| Cabeçalho tópico ou nome geográfico | Direito financeiro |
| 650 ## - ASSUNTO TÓPICO | |
| Cabeçalho tópico ou nome geográfico | Direito público |
| 700 1# - ENTRADA SECUNDÁRIA -- NOME PESSOAL | |
| Nome pessoal | Conti, José Maurício |
| Cód. do termo explicativo | et al. |
| -- | coord. |
| 700 1# - ENTRADA SECUNDÁRIA -- NOME PESSOAL | |
| Nome pessoal | Rego, Aline Paim Monteiro do |
| Termo de relação | et al. |
| -- | autores |
| 942 ## - ELEMENTOS DE ENTRADA ADICIONAIS (KOHA) | |
| Fonte de classificação ou esquema de arquivamento | Classificação Decimal Universal |
| Tipo de item do Koha | Livros |
| Estado: removido | Estado: perdido | Fonte de classificação ou esquema de arquivamento | Estado: danificado | Indisponível para empréstimo | Localização permanente | Localização atual | Data de aquisição | Numeração serial ou cronológica (Volume) | Total Checkouts | Número de Chamada completo | Código de barras | Date last seen | Número do exemplar | Preço efetivo a partir de | Tipo de item (Koha) |
|---|---|---|---|---|---|---|---|---|---|---|---|---|---|---|---|
| Classificação Decimal Universal | Biblioteca da Escola Superior de Contas do TCE/MT | Biblioteca da Escola Superior de Contas do TCE/MT | 28/07/2023 | v. 1 | 35.085 R434 | BIBTCEMT23080167 | 25/08/2023 | Ex. 1 | 25/08/2023 | Livros | |||||
| Classificação Decimal Universal | Biblioteca da Escola Superior de Contas do TCE/MT | Biblioteca da Escola Superior de Contas do TCE/MT | 28/07/2023 | v. 2 | 35.085 R434 | BIBTCEMT23080182 | 29/08/2023 | Ex. 1 | 29/08/2023 | Livros | |||||
| Classificação Decimal Universal | Biblioteca da Escola Superior de Contas do TCE/MT | Biblioteca da Escola Superior de Contas do TCE/MT | 28/06/2023 | v. 3 | 342.9 R434 | BIBTCEMT23080202 | 31/08/2023 | Ex. 1 | 31/08/2023 | Livros | |||||
| Classificação Decimal Universal | Biblioteca da Escola Superior de Contas do TCE/MT | Biblioteca da Escola Superior de Contas do TCE/MT | 28/07/2023 | v. 2 | 35.085 R434 | BIBTCEMT23120614 | 15/12/2023 | Ex. 2 | 29/08/2023 | Livros | |||||
| Classificação Decimal Universal | Biblioteca da Escola Superior de Contas do TCE/MT | Biblioteca da Escola Superior de Contas do TCE/MT | 28/07/2023 | v. 2 | 35.085 R434 | BIBTCEMT23120615 | 15/12/2023 | Ex. 3 | 29/08/2023 | Livros | |||||
| Classificação Decimal Universal | Biblioteca da Escola Superior de Contas do TCE/MT | Biblioteca da Escola Superior de Contas do TCE/MT | 28/07/2023 | v. 2 | 35.085 R434 | BIBTCEMT23120618 | 15/12/2023 | Ex. 4 | 29/08/2023 | Livros | |||||
| Classificação Decimal Universal | Biblioteca da Escola Superior de Contas do TCE/MT | Biblioteca da Escola Superior de Contas do TCE/MT | 28/07/2023 | v. 3 | 35.085 R434 | BIBTCEMT23120619 | 15/12/2023 | Ex. 2 | 29/08/2023 | Livros | |||||
| Classificação Decimal Universal | Biblioteca da Escola Superior de Contas do TCE/MT | Biblioteca da Escola Superior de Contas do TCE/MT | 28/07/2023 | v. 3 | 35.085 R434 | BIBTCEMT23120620 | 15/12/2023 | Ex. 3 | 29/08/2023 | Livros | |||||
| Classificação Decimal Universal | Biblioteca da Escola Superior de Contas do TCE/MT | Biblioteca da Escola Superior de Contas do TCE/MT | 28/07/2023 | v. 3 | 35.085 R434 | BIBTCEMT23120621 | 15/12/2023 | Ex. 4 | 29/08/2023 | Livros | |||||
| Classificação Decimal Universal | Biblioteca da Escola Superior de Contas do TCE/MT | Biblioteca da Escola Superior de Contas do TCE/MT | 15/12/2023 | v.1 | 35.085 R434 | BIBTCEMT23120691 | 16/12/2023 | Ex. 2 | 16/12/2023 | Livros | |||||
| Classificação Decimal Universal | Biblioteca da Escola Superior de Contas do TCE/MT | Biblioteca da Escola Superior de Contas do TCE/MT | 15/12/2023 | v.1 | 35.085 R434 | BIBTCEMT23120692 | 16/12/2023 | Ex. 3 | 16/12/2023 | Livros | |||||
| Classificação Decimal Universal | Biblioteca da Escola Superior de Contas do TCE/MT | Biblioteca da Escola Superior de Contas do TCE/MT | 15/12/2023 | v.1 | 35.085 R434 | BIBTCEMT23120694 | 16/12/2023 | Ex. 4 | 16/12/2023 | Livros |